Miss Julie : (Record no. 27869)
[ view plain ]
| 000 -LEADER | |
|---|---|
| fixed length control field | 01656cam a22003735i 4500 |
| 001 - CONTROL NUMBER | |
| control field | 15668359 |
| 003 - CONTROL NUMBER IDENTIFIER | |
| control field | EG-ScBUE |
| 005 - DATE AND TIME OF LATEST TRANSACTION | |
| control field | 20191126121713.0 |
| 008 - FIXED-LENGTH DATA ELEMENTS--GENERAL INFORMATION | |
| fixed length control field | 090320r20081998enk f b 000 d eng d |
| 020 ## - INTERNATIONAL STANDARD BOOK NUMBER | |
| International Standard Book Number | 9780199538041 (pbk.) |
| 035 ## - SYSTEM CONTROL NUMBER | |
| System control number | (OCoLC)ocn251239094 |
| 040 ## - CATALOGING SOURCE | |
| Original cataloging agency | UKM |
| Transcribing agency | UKM |
| Modifying agency | BTCTA |
| -- | YDXCP |
| -- | DLC |
| Language of cataloging | eng |
| Description conventions | rda |
| 041 1# - LANGUAGE CODE | |
| Language code of text/sound track or separate title | eng |
| Language code of original and/or intermediate translations of text | swe |
| 082 04 - DEWEY DECIMAL CLASSIFICATION NUMBER | |
| Classification number | 839.726 |
| Item number | STR |
| Edition number | 22 |
| 100 1# - MAIN ENTRY--PERSONAL NAME | |
| Personal name | Strindberg, August, |
| Dates associated with a name | 1849-1912, |
| Relator term | author. |
| 9 (RLIN) | 30805 |
| 240 10 - UNIFORM TITLE | |
| Uniform title | <a href="Plays.">Plays.</a> |
| Form subheading | Selections. |
| Language of a work | English |
| 245 10 - TITLE STATEMENT | |
| Title | Miss Julie : |
| Remainder of title | and other plays / |
| Statement of responsibility, etc | August Strindberg ; translated with an introduction and notes by Michael Robinson. |
| 264 #1 - PUBLICATION, DISTRIBUTION, ETC. (IMPRINT) | |
| Place of publication, distribution, etc | Oxford ; |
| -- | New York : |
| Name of publisher, distributor, etc | Oxford University Press, |
| Date of publication, distribution, etc | 2008. |
| 300 ## - PHYSICAL DESCRIPTION | |
| Extent | xlvii, 313 pages ; |
| Dimensions | 20 cm. |
| 336 ## - CONTENT TYPE | |
| Content type term | text |
| Content type code | txt |
| Source | rdacontent |
| 337 ## - MEDIA TYPE | |
| Media type term | unmediated |
| Media type code | n |
| Source | rdamedia |
| 338 ## - CARRIER TYPE | |
| Carrier type term | volume |
| Carrier type code | nc |
| Source | rdacarrier |
| 490 0# - SERIES STATEMENT | |
| Series statement | Oxford world's classics |
| 504 ## - BIBLIOGRAPHY, ETC. NOTE | |
| Bibliography, etc | Includes bibliographical references. |
| 505 0# - FORMATTED CONTENTS NOTE | |
| Formatted contents note | The father -- Miss Julie -- The dance of death -- A dream play -- The ghost sonata. |
| 520 ## - SUMMARY, ETC. | |
| Summary, etc | Strindberg was one of the most extreme and most influential theatrical innovators of the late 19th century. The five plays translated here are those upon which Strindberg's international reputation as a dramatist principally rests.<br/> |
| 546 ## - LANGUAGE NOTE | |
| Language note | Text in English ; translated from Swedish. |
| 600 17 - SUBJECT ADDED ENTRY--PERSONAL NAME | |
| Personal name | Strindberg, August, |
| Dates associated with a name | 1849-1912 |
| Form subdivision | Translations into English. |
| Source of heading or term | BUEsh |
| 650 #7 - SUBJECT ADDED ENTRY--TOPICAL TERM | |
| Topical term or geographic name as entry element | Swedish drama. |
| Source of heading or term | BUEsh |
| 9 (RLIN) | 41996 |
| 653 ## - INDEX TERM--UNCONTROLLED | |
| Resource For college | Humanities: English |
| Arrived date list | November2019 |
| 655 ## - INDEX TERM--GENRE/FORM | |
| Form subdivision | Text book |
| 700 1# - ADDED ENTRY--PERSONAL NAME | |
| Personal name | Robinson, Michael, |
| Dates associated with a name | 1944 July 13- |
| Relator term | translator, |
| -- | editor, |
| -- | author of introduction, etc. |
| 942 ## - ADDED ENTRY ELEMENTS (KOHA) | |
| Source of classification or shelving scheme | Dewey Decimal Classification |
| Koha item type | Book - Textbooks |
| Withdrawn status | Lost status | Source of classification or shelving scheme | Damaged status | Not for loan | Collection code | Home library | Current library | Shelving location | Date acquired | Source of acquisition | Cost, normal purchase price | Total Checkouts | Full call number | Barcode | Date last seen | Cost, replacement price | Price effective from | Koha item type |
|---|---|---|---|---|---|---|---|---|---|---|---|---|---|---|---|---|---|---|
| Dewey Decimal Classification | Baccah | Central Library | Central Library | Second Floor | 26/11/2019 | Purchase | 220.00 | 839.726 STR | 000048366 | 15/07/2025 | 275.00 | 26/11/2019 | Book - Borrowing |